| 000 | 00580nam a2200193 a 4500 | ||
|---|---|---|---|
| 001 | 1269 | ||
| 003 | CO-ViMGA | ||
| 008 | 141112s2004 ck r 000 u spa d | ||
| 040 |
_aCO-ViMGA _bspa _cCO-ViMGA |
||
| 082 | 0 | 4 | _a621.38132 K655 |
| 100 | 1 |
_aKoller, Alois _949437 |
|
| 245 | 1 | 0 |
_aEl circuito electrico / _cAlois Koller |
| 260 |
_aBarcelona : _bMarcombo, _c1990 |
||
| 300 | _a62 p : il | ||
| 490 | _aEnseƱanza programada, 3 | ||
| 505 | _aEnseƱanza programada 5 - - Resistencia de carga 15 - - Potencia electrica 35 | ||
| 650 | 1 | 4 | _aCIRCUITOS ELECTRONICOS |
| 942 |
_2ddc _cBK |
||
| 999 |
_c13489 _d13489 |
||